The Responsible University (Record no. 19847)
[ view plain ]
| 000 -LEADER | |
|---|---|
| fixed length control field | 00623nam a2200121Ia 4500 |
| 008 - FIXED-LENGTH DATA ELEMENTS--GENERAL INFORMATION | |
| fixed length control field | 220616s9999||||xx |||||||||||||| ||und|| |
| 245 #4 - TITLE STATEMENT | |
| Title | The Responsible University |
| Remainder of title | Exploring the Nordic Context and Beyond |
| 546 ## - LANGUAGE NOTE | |
| Language note | English[eng] |
| 650 ## - SUBJECT ADDED ENTRY--TOPICAL TERM | |
| Topical term or geographic name entry element | Education||Higher education||Philosophy and social sciences||Education—Philosophy||Educational policy||Education and state||School management and organization||School administration |
| 700 ## - ADDED ENTRY--PERSONAL NAME | |
| Personal name | Sørensen, Mads P.||Geschwind, Lars||Kekäle, Jouni||Pinheiro, Rómulo |
| 856 ## - ELECTRONIC LOCATION AND ACCESS | |
| Uniform Resource Identifier | <a href="https://library.oapen.org/bitstream/20.500.12657/22855/1/1007306.pdf">https://library.oapen.org/bitstream/20.500.12657/22855/1/1007306.pdf</a> |
| 942 ## - ADDED ENTRY ELEMENTS (KOHA) | |
| Koha item type | E-Books |
| Withdrawn status | Lost status | Damaged status | Not for loan | Home library | Current library | Date acquired | Total Checkouts | Date last seen | Price effective from | Koha item type |
|---|---|---|---|---|---|---|---|---|---|---|
| Kerala University of Digital Sciences, Innovation and Technology Knowledge Centre | Kerala University of Digital Sciences, Innovation and Technology Knowledge Centre | 16/06/2022 | 16/06/2022 | 16/06/2022 | E-Books |